Online Catalogue and eLibrary

Women : (Record no. 2624)

MARC details
000 -LEADER
fixed length control field 00409nam a2200169Ia 4500
005 - DATE AND TIME OF LATEST TRANSACTION
control field 20240424014908.0
008 - FIXED-LENGTH DATA ELEMENTS--GENERAL INFORMATION
fixed length control field 240331s9999 xx 000 0 und d
020 ## - INTERNATIONAL STANDARD BOOK NUMBER
ISBN 8185107173
082 ## - DDC Classification
Item Number - Author Mark MIE
Class No. 331.4
100 ## - MAIN ENTRY--PERSONAL NAME
Personal name Mies , Maria
245 #0 - TITLE STATEMENT
Title Women :
Remainder of title the last colony
Statement of responsibility, etc. Maria, Mies
260 ## - PUBLICATION, DISTRIBUTION, ETC.
Place of publication, distribution, etc. New Delhi :
Name of publisher, distributor, etc. Kali for Women /
Date of publication, distribution, etc. 1988
300 ## - PHYSICAL DESCRIPTION
Extent (e.g. Volumes, Pages etc.) 185 p .,
650 ## - SUBJECT ADDED ENTRY--TOPICAL TERM
Topical term or geographic name entry element Women
650 ## - SUBJECT ADDED ENTRY--TOPICAL TERM
Topical term or geographic name entry element Sex
942 ## - Koha item type (Biblio)
Koha item type Books in Stacks (Lending)
Holdings
Lost status Damaged status Collection code Home library Current library Shelving location Date acquired Full call number Accession Number Item type
    Lending WERC Library WERC Library Social Science Cupboard 03/31/2024 331.4 MIE 608 Books in Stacks (Lending)

© WERC Library